Groupe de musique des années 60, 70 et 80 - Statistiques

Statistiques générales
  • Ce quiz a été pris 2 944 fois
  • Le résultat moyen est 5 sur 15
Statistiques - réponses
Chanson Réponse % Correct
Let it Be The Beatles
97%
Bohemian Rhapsody Queen
96%
Money for Nothing Dire Straits
56%
Honkytonk Woman The Rolling Stones
47%
Just Can't Get Enough Depeche Mode
41%
You Really Got Me The Kinks
31%
Happy Together The Turtles
26%
Nights in White Satin The Moody Blues
15%
Dude Looks Like a Lady Aerosmith
12%
Proud Mary Creedence Clearwater Revival
12%
Hungry like the Wolf Duran Duran
11%
Stray Cat Strut The Stray Cats
11%
Somebody to Love Jefferson Airplane
10%
Turn, Turn, Turn The Byrds
7%
American Woman The Guess Who
5%
Aucun quiz correspondant
Distribution des résultats
% des personnes avec chaque résultat
Percentile par nombre de réponses
Votre historique - résultats
Vous n’avez pas pris ce quiz